000 00777cam a22002533a 4500
001 19302
003 PGUSA
005 20140828083417.0
008 060916s2006||||xxu|||||s|||||000 | eng d
040 _aPGUSA
_beng
042 _adc
050 4 _aQE
100 1 _aMatthew, William Diller,
_d1871-1930
245 1 0 _aDinosaurs :
_bWith Special Reference to the American Museum Collections
_h[electronic resource] /
_cWilliam Diller Matthew
260 _bProject Gutenberg,
_c2006
506 _aPublic domain in the USA.
516 _aElectronic text
653 _aDinosaurs
700 1 _aOsborn, Henry Fairfield,
_d1857-1935
700 1 _aBrown, Barnum,
_d1873-1963
830 0 _aProject Gutenberg
_v19302
856 4 0 _uhttp://www.gutenberg.org/ebooks/19302
942 _cEB
999 _c248557
_d248557